Hand-made paper of japan
Contents: Manufacture of paper in japan; History of paper-making in japan; Paper-making in Present-day Japan.
محفوظ في:
| المؤلف الرئيسي: | |
|---|---|
| التنسيق: | كتاب |
| اللغة: | Undetermined |
| منشور في: |
Tokyo
Board of Tourist Industry
1942
|
| الموضوعات: | |
| الوسوم: |
إضافة وسم
لا توجد وسوم, كن أول من يضع وسما على هذه التسجيلة!
|
| Thư viện lưu trữ: | Trung tâm Học liệu Trường Đại học Cần Thơ |
|---|
| LEADER | 00664nam a2200205Ia 4500 | ||
|---|---|---|---|
| 001 | CTU_218795 | ||
| 008 | 210402s9999 xx 000 0 und d | ||
| 082 | |a 676.220952 | ||
| 082 | |b Z99 | ||
| 100 | |a Zyugaku, Bunsyo | ||
| 245 | 0 | |a Hand-made paper of japan | |
| 245 | 0 | |c Bunsyo Zyugaku | |
| 260 | |a Tokyo | ||
| 260 | |b Board of Tourist Industry | ||
| 260 | |c 1942 | ||
| 520 | |a Contents: Manufacture of paper in japan; History of paper-making in japan; Paper-making in Present-day Japan. | ||
| 650 | |a Làm giấy,Papermaking | ||
| 650 | |z Nhật bản,Japan | ||
| 904 | |i Thủy Vy, Tuyến | ||
| 980 | |a Trung tâm Học liệu Trường Đại học Cần Thơ | ||